Proect risk management in software development company diplomová práca

Enregistré dans:
Détails bibliographiques
Auteur principal: Šutiak, Michal
Collectivité auteur: Ekonomická univerzita v Bratislave. Ústav medzinárodných programov
Autres auteurs: Kováčová, Eva
Format: Livre
Langue:anglais
Publié: Bratislava 2011
Tags: Ajouter un tag
Pas de tags, Soyez le premier à ajouter un tag!

MARC

LEADER 00000nam a2200000 4500
001 0149856
005 20240318114605.9
041 0 |a eng 
044 |a SK 
245 1 0 |a Proect risk management in software development company  |b diplomová práca  |c Michal Šutiak ; školiteľ: Eva Kováčová 
264 1 |a Bratislava  |c 2011 
300 |a 63 s. 
100 1 |a Šutiak, Michal 
700 1 |a Kováčová, Eva 
710 2 |a Ekonomická univerzita v Bratislave. Ústav medzinárodných programov